| 000 | 00823nam a22002055i 4500 | ||
|---|---|---|---|
| 001 | 168085 | ||
| 003 | ES-MaACL | ||
| 005 | 20251003194220.0 | ||
| 008 | 040727s1863 fr af |||| | fre d | ||
| 040 |
_aCAM _bspa _cCAM |
||
| 100 | 1 |
_aYriarte, Charles ( _d1833-1898) _9133995 |
|
| 245 | 1 | 0 |
_aSous la tente _b: souvenirs du Maroc, récits de guerre et de voyage / _cpar Charles Yriarte ; illustrations de G.-L. Boulanger... [et al.]. |
| 260 |
_aParis : _bMorizot, _c1863 ( _fImprimerie de P.-A. Bourdier et C.) |
||
| 300 |
_aVIII, 316 p., [8] h. lám. ; _c18 cm. |
||
| 650 | 0 | 4 |
_aGuerra hispano-marroquí, 1859-1860- _vRelatos personales. _913210 |
| 651 | 4 |
_aMarruecos- _xDescripción. _99025 |
|
| 700 | 1 |
_aBoulanger, Gustave, _d1824-1888 _9126112 |
|
| 852 |
_aES-MaACL _jG-10532 _z-- Enc. hol. |
||
| 999 |
_c168085 _d168085 |
||